Estadísticas para Lagos Famosos

Haz click aquí para tomar la prueba!

Estadísticas generales

  • Esta prueba ha sido tomada 118 veces
  • La puntuación promedio es 10 de 19

Estadísticas de respuestas

PistaLago% Correcto
Lago más grande de África (área)Lago Victoria
93%
Lagos alto entre Bolivia y PeruLago Titicaca
84%
El mar interno más grande del mundoMar Caspio
84%
Más famoso en EscociaLago Ness
83%
Lago salado a 428 m bajo el nivel del marMar Muerto
74%
Limita ChicagoLago Michigan
71%
Limita TorontoLago Ontario
66%
Lago en Lombardía, famosa por sus villasLago de Como
56%
Lago de agua dulce más grande (por área)Lago Superior
56%
Lago de agua dulce más grande (por volumen)Lago Baikal
48%
Lago en Suiza y FranciaLago de Ginebra
45%
Lago africano - el segundo más grande
en el mundo por volumen by volume
Lago Tanganica
38%
Fue habitado por pioneros mormonesGran Lago Salado
36%
Lago israelí en el que Jesús caminó
por encima del agua
Mar de Galilea
35%
Más grande en HungaríaLago Balatón
30%
Lago en América Central infestado
con tiburones de agua de dulce
Lago de Nicaragua
30%
Más grande completamente en CanadáGran Lago del Oso
28%
Entre California y NevadaLago Tahoe
20%
Más grande de MéxicoLago de Chapala
11%

Distribución de puntuación

Porcentaje por número respondido

Porcentaje de gente con cada puntuación

Historial de tus puntuaciones

No has tomado esta prueba